The transfer of international technology : Europe, Japan, and the USA in the twentieth century

This book focuses on particular technologies whilst examining aspects of the dimensions of transfer: obstacles, vehicles, circumstances of adoption, modification, reverse flows. The cases include motor vehicles, heavy chemicals, synthetic rubber, petroleum, computers and textiles. Of special interes...

詳細記述

保存先:
書誌詳細
フォーマット: 図書
言語:Undetermined
出版事項: Aldershot, Hants, England Edward Elgar Publishing 1992
主題:
タグ: タグ追加
タグなし, このレコードへの初めてのタグを付けませんか!
Thư viện lưu trữ: Trung tâm Học liệu Trường Đại học Cần Thơ
LEADER 01116nam a2200193Ia 4500
001 CTU_219205
008 210402s9999 xx 000 0 und d
082 |a 338.926 
082 |b T772 
245 4 |a The transfer of international technology : 
245 0 |b Europe, Japan, and the USA in the twentieth century 
245 0 |c Edited by David J. Jeremy 
260 |a Aldershot, Hants, England 
260 |b Edward Elgar Publishing 
260 |c 1992 
520 |a This book focuses on particular technologies whilst examining aspects of the dimensions of transfer: obstacles, vehicles, circumstances of adoption, modification, reverse flows. The cases include motor vehicles, heavy chemicals, synthetic rubber, petroleum, computers and textiles. Of special interest are the studies of technologies exported from Japan to her neighbours and to the West. The book makes an important contribution to the study of international technology transfer in the twentieth century 
650 |a Technology transfer,Chuyển giao công nghệ 
904 |i Nguyên 
980 |a Trung tâm Học liệu Trường Đại học Cần Thơ